<?xml version="1.0" encoding="UTF-8"?>
<record
    xmlns:xsi="http://www.w3.org/2001/XMLSchema-instance"
    xsi:schemaLocation="http://www.loc.gov/MARC21/slim http://www.loc.gov/standards/marcxml/schema/MARC21slim.xsd"
    xmlns="http://www.loc.gov/MARC21/slim">

  <leader>00723nam a22001937a 4500</leader>
  <controlfield tag="003">LK-CoDNM</controlfield>
  <controlfield tag="005">20241101121117.0</controlfield>
  <controlfield tag="008">241025b        |||||||| |||| 00| 0 eng d</controlfield>
  <datafield tag="040" ind1=" " ind2=" ">
    <subfield code="a">LK-CoDNM</subfield>
    <subfield code="d">LK-CoDNM</subfield>
    <subfield code="e">LK-CoDNM</subfield>
  </datafield>
  <datafield tag="041" ind1=" " ind2=" ">
    <subfield code="a">sin</subfield>
  </datafield>
  <datafield tag="080" ind1=" " ind2=" ">
    <subfield code="a">&#xDB4;&#xDCA;&#x200D;&#xDBB;.&#xDC3; </subfield>
    <subfield code="b">20</subfield>
  </datafield>
  <datafield tag="245" ind1=" " ind2=" ">
    <subfield code="a">&#xDC3;&#xDAD;&#xDCA;&#x200D;&#xDBA;  &#xDB0;&#xDBB;&#xDCA; &#xDB8;&#xDDD;&#xDAF;&#xDBA; </subfield>
    <subfield code="b">3  - &#xD9A;&#xDCF;&#xDAB;&#xDCA;&#xDA9;&#xDBA; </subfield>
    <subfield code="c">1918   &#xDA2;&#xDD4;&#xDBD;&#xDD2; -   &#xDAF;&#xDD9;&#xDC3;&#xDD0;&#xDB8;&#xDCA;&#xDB6;&#xDBB;&#xDCA;      1 -7 - &#xD9A;&#xDBD;&#xDCF;&#xDB4;&#xDBA; </subfield>
  </datafield>
  <datafield tag="300" ind1=" " ind2=" ">
    <subfield code="a">88P.  :   ILL  ;  28  CM </subfield>
  </datafield>
  <datafield tag="650" ind1=" " ind2=" ">
    <subfield code="a">&#xDB4;&#xDCA;&#x200D;&#xDBB;.&#xDC3; 20</subfield>
  </datafield>
  <datafield tag="650" ind1=" " ind2=" ">
    <subfield code="a">&#xDC3;&#xDAD;&#xDCA;&#x200D;&#xDBA;  &#xDB0;&#xDBB;&#xDCA; &#xDB8;&#xDDD;&#xDAF;&#xDBA; </subfield>
  </datafield>
  <datafield tag="650" ind1=" " ind2=" ">
    <subfield code="a">3  - &#xD9A;&#xDCF;&#xDAB;&#xDCA;&#xDA9;&#xDBA; </subfield>
  </datafield>
  <datafield tag="650" ind1=" " ind2=" ">
    <subfield code="a">1918   &#xDA2;&#xDD4;&#xDBD;&#xDD2; - &#xDC3;&#xDD0;&#xDB4;&#xDCA;&#xDAD;&#xDD0;&#xDB8;&#xDCA;&#xDB6;&#xDBB;&#xDCA;     1 -7 - &#xD9A;&#xDBD;&#xDCF;&#xDB4;&#xDBA; </subfield>
  </datafield>
  <datafield tag="942" ind1=" " ind2=" ">
    <subfield code="c">BK</subfield>
  </datafield>
  <datafield tag="952" ind1=" " ind2=" ">
    <subfield code="0">0</subfield>
    <subfield code="1">0</subfield>
    <subfield code="4">1</subfield>
    <subfield code="7">0</subfield>
    <subfield code="8">OBC</subfield>
    <subfield code="a">MAIN</subfield>
    <subfield code="b">MAIN</subfield>
    <subfield code="c">REF</subfield>
    <subfield code="d">2024-11-01</subfield>
    <subfield code="l">0</subfield>
    <subfield code="o">&#xDB4;&#xDCA;&#x200D;&#xDBB;.&#xDC3;  20</subfield>
    <subfield code="p">OJP4692-1</subfield>
    <subfield code="r">2024-11-01</subfield>
    <subfield code="w">2024-11-01</subfield>
    <subfield code="y">BK</subfield>
  </datafield>
  <datafield tag="999" ind1=" " ind2=" ">
    <subfield code="c">225410</subfield>
    <subfield code="d">225410</subfield>
  </datafield>
</record>
